| 000 | 00847nam a2200217 4500 | ||
|---|---|---|---|
| 001 | 179971 | ||
| 003 | ES-MaACL | ||
| 005 | 20240326131500.0 | ||
| 008 | 120308s1919 sp | |||| ||spa d | ||
| 080 | _a929.6 | ||
| 100 | 1 |
_aGarcía Carraffa, Alberto. _954342 |
|
| 245 | 1 | 0 |
_aCiencia heráldica o del blasón _b: según el método de los más insignes tratadistas / _cpor Alberto y Arturo García Carraffa. |
| 260 |
_aMadrid : _b[s.n.], _c1919 ( _fImp. Antonio Marzo) |
||
| 300 |
_a225 p. : _bil. col. y n. ; _c28 cm. |
||
| 490 | 1 |
_aEnciclopedia heráldica y genealógica hispano-americana ; _vt. 1 |
|
| 650 | 0 | 7 |
_aHeráldica _2embne _9235652 |
| 700 | 0 |
_aGarcía Carraffa, Arturo. _954343 |
|
| 830 | 0 |
_aEnciclopedia heráldica y genealógica hispano-americana ; _vt. 1 _9191150 |
|
| 852 |
_aES-MaACL _jJ-58 (1) |
||
| 999 |
_c179971 _d179971 |
||